000 01148cab a22002415a 4500
001 L140851
008 071015e20071013xxk f 000 0 eng d
035 _a(Sirsi) u140851
041 0 _aeng
100 1 _aCunningham, Daniel
245 0 0 _aFocus
_bNorth East
260 _c2007
490 _aEstates Gazette
_v(0741) 13 October 2007, 119-143(17)
520 _aReports that although key sites in Newcastle are available for development, there is some hesitancy in the market. Tesco and Sunderland Arc are still vying for the Vaux Brewery site. Middlesbrough is benefiting from a suite of recent developments. A new tunnel under the Tyne is being planned, which may give rise to property interest further afield. A regeneration project aimed at industrial brownfield sites is being planned by One NorthEast. Examines the effect of the area's high-profile politicians on the region's fortunes.
590 _aKA
651 4 _aNorth East
690 _aPROPERTY-COMMERCIAL PROPERTY-COMMERCIAL PROPERTY MARKET
700 1 _aMorrison, Adrian
700 1 _aTaylor, Andrew
700 1 _aPayne, Joanne
700 1 _aAlexander, Mark
942 _n0
999 _c79365
_d79365